Introducción a la genética cuantitativa
Saved in:
| Main Authors: | , |
|---|---|
| Format: | Book |
| Language: | Spanish |
| Published: |
Zaragoza
Editorial Acribia
2006
|
| Edition: | 1a. ed |
| Subjects: | |
| Tags: |
Add Tag
No Tags, Be the first to tag this record!
|
MARC
| LEADER | 00000cam a2200000 a 4500 | ||
|---|---|---|---|
| 001 | UCD7658 | ||
| 003 | CL-VaPUC | ||
| 008 | 170331e20060000sp |||||||||||||||||spa|d | ||
| 020 | |a 8420009490 | ||
| 020 | |a 9788420009490 | ||
| 082 | 0 | 4 | |a 575.1 |b FAL |2 21 |
| 100 | 0 | |a Falconer, D. S |e author |9 591664 | |
| 700 | 0 | |a Mackay, Trudy F.C |e author |9 591665 | |
| 245 | 1 | 0 | |a Introducción a la genética cuantitativa |
| 250 | |a 1a. ed | ||
| 300 | |a 469 p | ||
| 942 | |c BK | ||
| 945 | |d 20170331 00:58:00 |a arojas | ||
| 260 | |a Zaragoza |b Editorial Acribia |c 2006 | ||
| 650 | 7 | |a GENETICA CUANTITATIVA |2 CL-VaPUC |9 269813 | |
| 650 | 0 | |a Ciencias de la vida |9 314137 | |
| 650 | 0 | |a Biología |9 262022 | |
| 650 | 7 | |a EUGENESIA |2 CL-VaPUC |9 256404 | |
| 650 | 0 | |a Genética |9 259443 | |
| 650 | 7 | |a BIOGENESIS |2 CL-VaPUC |9 591666 | |
| 583 | |a last modification |c 20170331 00:58:00 |k Rodrigo Vera | ||
| 999 | |c 367626 |d 367624 | ||
| 952 | |0 0 |1 0 |3 erb |4 0 |6 575_100000000000000_FAL_2006 |7 0 |8 CCM |9 482620 |a BIBCUR |b BIBCUR |i 5370655 |l 1 |o 575.1 FAL 2006 |p 5370655 |r 2025-04-22 |s 2020-03-31 |w 2019-11-24 |y BK |z Catalogado en:20170331 |k CIM | ||
| 952 | |0 0 |1 0 |3 erb |4 0 |6 575_100000000000000_FAL_2006 |7 0 |8 CCM |9 482621 |a BIBCUR |b BIBCUR |i 5370663 |o 575.1 FAL 2006 |p 5370663 |r 2025-04-22 |w 2019-11-24 |y BK |z Catalogado en:20170331 |k CIM | ||